| 000 | 01312nam a2200229Ia 4500 | ||
|---|---|---|---|
| 999 |
_c39225 _d39225 |
||
| 001 | 5811 | ||
| 003 | GE_BSU | ||
| 005 | 20190626202957.0 | ||
| 008 | 181216s1982||||ge |||||||||||||| ||geo|| | ||
| 041 | _ageo | ||
| 080 | _a621.313.13(075.8) ს-64 | ||
| 100 |
_aსოკოლოვი, მ. _92976 |
||
| 245 |
_aზოგადსამრეწველო მექანიზმების ავტომატიზებული ელექტროამძრავი :სახელმძღვ. / _cმ. სოკოლოვი ; მთარგნ. ი. კოტარია ; რედ : ი.გოგუაძე. |
||
| 250 | _aთარგმნ. მესამე გადამუშ. და შევსებ. რუსული გამ-დან. | ||
| 264 |
_aთბილისი : _bგანათლება, _c1982. |
||
| 300 |
_a370 გვ .: _bილ; _c22 სმ . |
||
| 653 | _aზოგადსამრეწველო მექანიზმების ავტომატიზებული ელექტროამძრავი | ||
| 653 | _aტექნიკა | ||
| 700 |
_aკოტარია, ი _eმთარგმნელი _92977 |
||
| 700 |
_aგოგუაძე, ი _eრედაქტორი _92978 |
||
| 942 |
_cBK _2udc |
||